विवेकानंद चिरंतन चैतन्याचा स्रोत (Record no. 370182)
[ view plain ]
| 000 -LEADER | |
|---|---|
| fixed length control field | 01139 a2200157 4500 |
| 003 - CONTROL NUMBER IDENTIFIER | |
| control field | OSt |
| 005 - DATE AND TIME OF LATEST TRANSACTION | |
| control field | 20260204154212.0 |
| 008 - FIXED-LENGTH DATA ELEMENTS--GENERAL INFORMATION | |
| fixed length control field | 260204b |||||||| |||| 00| 0 eng d |
| 020 ## - INTERNATIONAL STANDARD BOOK NUMBER | |
| International Standard Book Number | 9789391558291 |
| 100 ## - MAIN ENTRY--PERSONAL NAME | |
| Personal name | मोडक ए. |
| 9 (RLIN) | 216606 |
| 245 ## - TITLE STATEMENT | |
| Title | विवेकानंद चिरंतन चैतन्याचा स्रोत |
| 260 ## - PUBLICATION, DISTRIBUTION, ETC. (IMPRINT) | |
| Name of publisher, distributor, etc. | भारतीय विचार साधना प्रकाशन |
| Date of publication, distribution, etc. | 2014 |
| Place of publication, distribution, etc. | पुणे |
| 300 ## - PHYSICAL DESCRIPTION | |
| Extent | 148pp. |
| 520 ## - SUMMARY, ETC. | |
| Summary, etc. | स्वामी विवेकानंदांच्या जीवनातील संस्मरणीय प्रसंग. नरेंद्रनाथांच्या आई श्रीमती भुवनेश्वरीदेवी या उमद्या स्वभावाच्या स्त्री होत्या. जीवनातील नंतरच्या काळात स्वामी विवेकानंद वारंवार म्हणत असत : 'माझ्या बौद्धिक विकासासाठी माझ्या आईचा |
| 942 ## - ADDED ENTRY ELEMENTS (KOHA) | |
| Koha item type | Books |
| Source of classification or shelving scheme | Dewey Decimal Classification |
| Withdrawn status | Lost status | Source of classification or shelving scheme | Damaged status | Not for loan | Collection code | Home library | Current library | Date acquired | Vendor | Cost, normal purchase price | Total Checkouts | Barcode | Date last seen | Cost, replacement price | Bill Date | Koha item type | Original Barcode |
|---|---|---|---|---|---|---|---|---|---|---|---|---|---|---|---|---|---|
| Dewey Decimal Classification | MCA | MKSSS s K.B. Joshi Institute of Information Technology Library | MKSSS s K.B. Joshi Institute of Information Technology Library | 03/02/2026 | 188 | 105.00 | KBJP-BK-2997 | 03/02/2026 | 150.00 | 03/02/2026 | Books | 2997 |